00561nam a22001937a 450000500170000001000130001702000100003003500130004003700160005304000120006908200150008124500650009626000450016127000670020630000280027365000300030165000140033170000220034520170124110116.0 aA-681550 c75.00 aA-681550 bCen Lib/Ret aDPLbEN a910.3bBHA aBharat dictionary of geography /cedited by alexander S. Job aNew DelhibBharat Publishing housec1994 bNew Delhia123, Durga Chambers, Desh Bandhu Gupta Roade110005 a200p. :c25cm(Hb)bill. aGeography -- Dictionaries aGeography aJob, alexander S.